El reconocimineto internacional de derecho de huelga y el sistema de control de normas de la OIT (Registro nro. 46244)
[ vista simple ]
| 000 -CABECERA | |
|---|---|
| Longitud fija campo de control | 00946naa a2200229 c 4500 |
| 001 - NÚMERO DE CONTROL | |
| Número de control | 46244 |
| 003 - IDENTIFICADOR DE NÚMERO DE CONTROL | |
| Identificador del número de control | ES-MaCES |
| 005 - FECHA Y HORA DE LA ÚLTIMA TRANSACCIÓN | |
| Fecha y hora de la última transacción | 20151008104251.0 |
| 008 - CAMPO FIJO DE DESCRIPCIÓN FIJA--INFORMACIÓN GENERAL | |
| Códigos de información de longitud fija | 150827s2015 sp ||||| t||||||| ||spa d |
| 040 ## - FUENTE DE CATALOGACIÓN | |
| Centro catalogador de origen | ES-MaCES |
| Lengua de catalogación | spa |
| Centro transcriptor | ES-MaCES |
| Centro modificado | ES-MaCES |
| 100 1# - ENCABEZAMIENTO PRINCIPAL--NOMBRE PERSONAL | |
| 9 (RLIN) | 22510 |
| Nombre de persona | Rojas Rivero, Gloria Pilar |
| 245 13 - MENCIÓN DE TÍTULO | |
| Título | El reconocimineto internacional de derecho de huelga y el sistema de control de normas de la OIT |
| Mención de responsabilidad, etc. | Gloria Pilar Rojas Rivero |
| 650 #4 - ASIENTO SECUNDARIO DE MATERIA--TÉRMINO DE MATERIA | |
| 9 (RLIN) | 29350 |
| Término de materia o nombre geográfico como elemento inicial | derecho de huelga |
| 650 #4 - ASIENTO SECUNDARIO DE MATERIA--TÉRMINO DE MATERIA | |
| 9 (RLIN) | 29924 |
| Término de materia o nombre geográfico como elemento inicial | derechos de los trabajadores |
| 650 #4 - ASIENTO SECUNDARIO DE MATERIA--TÉRMINO DE MATERIA | |
| 9 (RLIN) | 28361 |
| Término de materia o nombre geográfico como elemento inicial | convenio colectivo |
| 650 #4 - ASIENTO SECUNDARIO DE MATERIA--TÉRMINO DE MATERIA | |
| 9 (RLIN) | 30712 |
| Término de materia o nombre geográfico como elemento inicial | actividad normativa de la OIT |
| 650 #4 - ASIENTO SECUNDARIO DE MATERIA--TÉRMINO DE MATERIA | |
| 9 (RLIN) | 29918 |
| Término de materia o nombre geográfico como elemento inicial | mecanismo de control |
| 653 10 - TÉRMINO DE INDEXACIÓN--NO CONTROLADO | |
| Término no controlado | Relaciones laborales-Empleo |
| 773 0# - ENTRADA DE DOCUMENTO FUENTE | |
| Itemnumber del ítem fuente | 83259 |
| Lugar, editor y fecha de publicación | Las Rozas, Madrid Wolters Kluwer España 2015- |
| Otro identificador del documento | 086161 |
| Título | Trabajo y derecho |
| Número de control del registro relacionado | (ES-MaCES)45892 |
| Parte(s) relacionada(s) | n. 5 (mayo 2015) {55/1129 R. 086161} ;p. 105-108 |
| 902 ## - CES. TIPO DE DOCUMENTO | |
| Tipodoc (006$c Sirtex) | ART Artículo de revista |
| 942 ## - ELEMENTOS KOHA | |
| Fuente de clasificaión o esquema | Clasificación propia del CES |
| Koha [por defecto] tipo de item | Artículos (1982-2017) |
| Parte de clasificación | Relaciones Laborales y Rel. Lab.- Empleo |
No hay ítems disponibles.
